[Event "Masters"]
[Site "Gibraltar"]
[Date "2019.01.29"]
[Round "8.4"]
[White "Navara, David"]
[Black "Grandelius, Nils"]
[Result "1-0"]
[WhiteElo "2738"]
[BlackElo "2682"]
[EventDate "2019.??.??"]
[Annotator "Bojkov,Dejan"]
[PlyCount "101"]
[Beauty "6942546204173"]
[EventType "schev"]
[EventRounds "2"]
[EventCountry "GGB"]

1.e4 c5 {Navara revealed that this move was a sort of surprise for him as his opponent tend to play the open games against stronger players.} 2.Nf3 d6 3.Bb5+ Nd7 4.Ba4 {"Rare but fashionable line" (Navara)} ( {The other way to play it is:} 4.O-O a6 5.Bxd7+ Bxd7 6.d4 cxd4 7.Qxd4 e5 8.Qd3 h6 {as in Wang,H (2730)-Nepomniachtchi,I (2763) St Petersburg 2018} ) 4...Nf6 5.O-O a6 6.c4 g6 7.Nc3 Bg7 8.d3 O-O 9.h3 b6 10.Bg5 $146 {Navara improved on an earlier game of his, where he played as... Black!} ( {That game is the predecessor and followed:} 10.Rb1 Rb8 11.Bg5 h6 12.Be3 Kh7 13.Qd2 Bb7 14.b4 e6 15.Rfe1 {Bartel,M (2602)-Navara,D (2727) Poland 2018} ) 10...h6 {An inaccuracy. Grandelius should have jumped in the center at once.} ( 10...Ne5 $5 {is a timely move as White does not have the time to back the knight up on f3 as he had in the game. Also:} 11.Nxe5 dxe5 {is not worrysome for the second player. He can start maneuvering his kingside knight towards the d4 outpost via e8-c7-e6 for example.} ) 11.Be3 Bb7 12.Qd2 Kh7 13.Rab1 e6 ( 13...a5 {would not stop White's queenside play after} 14.a3 ) 14.b4 {Generating useful pressure along the b-file.} 14...Qc7 ( {White is clearly better after} 14...cxb4 15.Rxb4 {thanks to the queenside pressure.} ) 15.Rfc1 Rfd8 16.Bd1 {"Also an idea by Bartel" (Navara) This is the thing, Navara not only played a game in this line, but had a chance to examine it and was armed with ideas. The bishop protects the f3 knight which is crucial in some lines.} 16...Bf8 ( {Better was:} 16...Bc6 17.Bf4 Ne5 {when the bishop on b7 is safe and Black does not need to worry too much.} ) 17.Bf4 Ne5 $2 {Either an oversight, or a sacrifice which was not calculated properly.} 18.bxc5 bxc5 {Forced.} ( {The star moment of the light-squared archer is seen in the line:} 18...Nxf3+ 19.Bxf3 bxc5 20.Rxb7 $1 Qxb7 21.e5 {and White wins.} ) 19.Nxe5 dxe5 20.Bxe5 Qxe5 21.Rxb7 Kg7 {Black lost a pawn, but is not yet lost due to the opposite colored-bishops and the strong d4 square for his pieces.} 22.Qe3 Rab8 23.Rb3 Nd7 ( {The other way to defend it was:} 23...Bd6 24.g3 Rxb3 25.axb3 Nd7 26.f4 Qd4 27.Kf2 ) 24.f4 Qd4 25.Kf2 f5 ( {Once more Black could have played for dark-squared blockade:} 25...Rxb3 26.Bxb3 e5 ) 26.e5 Be7 27.Rcb1 {An innacuracy by the Czech GM.} ( {He knew what he had to do and quoted it after the game:} 27.Ne2 $1 Qxe3+ 28.Kxe3 Rxb3 29.Bxb3 {is large advantage for White as his kingside pawn chain will remain intact after:} 29...g5 30.g3 ) 27...Rxb3 ( {Inaccuracy in return. Grandelius could have gotten counterplay with:} 27...Bh4+ $1 28.Ke2 Qxe3+ 29.Kxe3 g5 $1 {undermining the e5 pawn.} ) 28.Rxb3 Rb8 ( {Here:} 28...Bh4+ {is not as convincing as before due to:} 29.Kf3 ( 29.Ke2 g5 ) 29...Qxe3+ 30.Kxe3 g5 31.Ne2 gxf4+ 32.Nxf4 Bg5 33.h4 ) 29.Qxd4 cxd4 30.Rxb8 Nxb8 31.Ne2 {Now White is back in control.} 31...Nd7 ( {Or} 31...Bc5 32.Ba4 {stranding the knight.} ) 32.Kf3 Bc5 33.Ba4 {The same idea restrains the knight. This piece is the main reason why Black's position cannot be saved.} 33...Nb6 34.Bc6 {Intending Ne2-c1-b3.} 34...a5 ( 34...g5 {would losea pawn after} 35.Nc1 ) 35.a4 $1 {Fixing the weaknesses.} 35...Kf7 36.Nc1 Bb4 ( {After} 36...Nc8 37.Nb3 Bb6 {White wins with:} 38.c5 Ba7 39.Bd7 Ne7 40.Nxa5 Bxc5 41.Nb7 ) 37.Nb3 Bc3 38.c5 {The pawn quickly makes huge progress thanks to the support of the light pieces.} 38...Nc8 39.Bd7 Ne7 40.c6 Nd5 41.Nc5 {"Not necessarily needed, but the strongest." (Navara)} 41...Nc7 42.Bc8 Ke7 43.Na6 Nd5 ( {If} 43...Nxa6 44.Bxa6 Kd8 45.Bc4 Kc7 46.Bxe6 Kxc6 47.g4 {and the two connected passers will decide the game.} ) 44.c7 Nb6 45.Bb7 Kd7 {Now comes a neat finish.} 46.c8=Q+ $1 Nxc8 47.Nc5+ Kc7 48.Bxc8 Kxc8 49.Nxe6 {The last problem of the opposite-colored bishops is solved.} 49...Bb2 50.g4 fxg4+ 51.hxg4 1-0

[Event "Masters"]
[Site "Gibraltar"]
[Date "2019.01.30"]
[Round "9.1"]
[White "Artemiev, Vladislav"]
[Black "Navara, David"]
[Result "1-0"]
[WhiteElo "2709"]
[BlackElo "2738"]
[EventDate "2019.??.??"]
[Annotator "Bojkov,Dejan"]
[PlyCount "73"]
[Beauty "7903008264200"]
[EventType "schev"]
[EventRounds "2"]
[EventCountry "GGB"]

1.Nf3 Nf6 2.g3 g6 3.b3 d5 4.Bb2 c5 5.Bg2 Bg7 6.c4 d4 7.b4 O-O 8.bxc5 ( {Another game of Artemiev saw:} 8.O-O Nc6 9.b5 Na5 10.d3 Qc7 11.Nbd2 e5 12.Ng5 h6 13.Nge4 Nxe4 14.Nxe4 {Artemiev,V (2653)-Li,C (2720) Doha 2016} ) 8...Ne4 9.O-O Nxc5 10.d3 e5 {Both players achieved a reversed version of the Benoni/Benko gambit with equal pawns which looks quite OK for Black.} 11.Ba3 {The battle is around the c5 knight.} 11...Nba6 12.Nfd2 Re8 13.Ne4 Bf8 14.Nxc5 Nxc5 ( {Perhaps easier was:} 14...Bxc5 15.Bxc5 Nxc5 16.Nd2 Qe7 {with approximate equality.} ) 15.Nd2 Rb8 16.Rb1 b6 17.Bxc5 Bxc5 18.Qa4 Bg4 {[#] Navara tries to force a concession.} 19.Bf3 $146 {Rejected.} ( {The only predecessor saw a quick draw after:} 19.Rfe1 Qc7 20.Bc6 Rec8 21.Bd5 Bd7 22.Qa6 {\BD-\BD (22) Movsziszian,K (2513) -Arkell,K (2443) Bled 2018. Black is definitely not worse here.} ) 19...Bh3 ( {In case of} 19...Bxf3 {White obviously prepared:} 20.exf3 $1 ( {Rather than:} 20.Nxf3 {which allows Black too much counterplay with:} 20...e4 21.Nd2 e3 22.Ne4 Rxe4 $1 23.dxe4 d3 ) ) 20.Qxa7 $5 {Artemiev sacrifices the exchange for a light-squared domination.} ( {Instead normal play like:} 20.Rfe1 Qc7 {would be good for Black.} ) 20...Bxf1 21.Kxf1 Re7 22.Qa4 {White has compensation for the pawn, but nothing more.} 22...Qd7 {Navara decided to swap off the queens.} ( {Since Black wants to play on the kingside, a plan like:} 22...Kg7 23.Bd5 f5 {eventually followed by e5-e4 in the proper moment or h7-h5-h4 seemed more to the point.} ) 23.Rb5 Qa7 ( {It was not too late for} 23...Kg7 24.Ne4 f5 {when Black should not fear} 25.Nxc5 bxc5 ) 24.Qb3 ( {Black is doing more than fine in the endgame:} 24.Qxa7 Rxa7 ) 24...Kg7 25.a4 Ra8 $2 {Unnecessary panic. Or perhaps Navara just blundered something.} ( {The game would be still about even after:} 25...f5 26.a5 Ree8 27.Qa4 bxa5 28.Rxa5 Qe7 29.Bd5 Rec8 30.Nb3 Rb4 31.Qa2 Bb6 ) 26.Bxa8 Qxa8 27.f3 Ra7 28.Ne4 Rxa4 ( 28...Bf8 29.Rxe5 ) 29.Nxc5 bxc5 30.Rxc5 Ra3 ( {White repels the opponent's initiative after:} 30...Ra1+ 31.Kg2 Re1 32.Qb2 ) 31.Qb4 Ra4 ( {Perhaps Navara saw a draw after:} 31...Rxd3 32.exd3 Qxf3+ 33.Ke1 Qe3+ 34.Kd1 Qxd3+ {Or just thought that:} 35.Kc1 e4 {is too dangerous for his opponent. As a matter of fact, White wins with the subtle:} ( {If Black continues the checks:} 35...Qf1+ 36.Kb2 {teh king will escape via the a-file.} ) 36.Rc8 e3 37.Re8 $1 {maneuver, when Black cannot make much of his pawns:} 37...e2 {loses by force to:} 38.Qf8+ Kf6 39.Qh8+ Kg5 40.Qe5+ Kh6 41.Qxe2 ) 32.Qb6 Ra1+ 33.Kf2 e4 $5 {The last try, but it fails.} ( {There is not time for:} 33...Rh1 34.Ra5 $1 ) 34.Rd5 ( {White would have also won with:} 34.fxe4 Ra6 35.Qb2 Rf6+ 36.Kg2 ) 34...e3+ 35.Kg2 Qa7 36.Qxa7 Rxa7 37.f4 {All black central pawns will drop, therefore he resigned.} ( 37.f4 Ra2 38.Kf3 Ra1 39.Rxd4 ) 1-0

[Event "Masters"]
[Site "Gibraltar"]
[Date "2019.01.31"]
[Round "10.1"]
[White "Yu, Yangyi"]
[Black "Artemiev, Vladislav"]
[Result "0-1"]
[WhiteElo "2764"]
[BlackElo "2709"]
[EventDate "2019.??.??"]
[Annotator "Bojkov,Dejan"]
[PlyCount "104"]
[Beauty "6874900466213"]
[EventType "schev"]
[EventRounds "2"]
[EventCountry "GGB"]

1.e4 c6 2.d4 d5 3.e5 Bf5 4.Nf3 e6 5.Be2 Nd7 6.O-O Bg6 7.c3 Nh6 8.a4 a5 ( {The other way to play it is:} 8...Nf5 9.a5 a6 10.b4 Be7 11.Bf4 h6 12.h3 Bh7 13.Bh2 g5 14.Nbd2 h5 15.Ne1 {although White seemed better in Fedoseev,V (2665)-Vitiugov,N (2721) Novosibirsk 2016} ) 9.Na3 $146 {A good maneuver and a novelty! The knight is heading to the d3 square, from where it will have a decent choice between further improvement on the queenside with Nd3-c5, or the kingside with Nd3-f4-(h5).} ( {An email game saw:} 9.Bg5 Qb6 10.Qc1 Nf5 11.g4 Ne7 12.Nh4 Bxb1 13.Rxb1 c5 14.dxc5 Qxc5 15.Nf3 {and Black held this relatively easy,Rowies,A (2405)-Ballow,J (2425) ICCF email 2011} ) 9...Be7 10.Nc2 ( {White can always swap off his bishop for the knight} 10.Bxh6 gxh6 {but he is waiting for a better moment.} ) 10...O-O 11.Nce1 c5 12.Bxh6 {Now is the moment. Normally, Black does not fear this weakening, as he gets the bishop pair and eventually may counter-attack on the dark squares with f7-f6.} 12...gxh6 13.Bb5 cxd4 ( {Here} 13...f6 $2 {works in White's hands as he has too much control over the e5 point-} 14.Nd3 ) 14.cxd4 ( {Another way to play the position is:} 14.Bxd7 Qxd7 15.Nxd4 {Intending the f-pawn advance.} ) 14...Nb8 {A French maneuver. It seems as the knight is heading to the c6 square to attack the d4 point.} 15.Qd2 Kg7 16.Nd3 Na6 {However, it changes its mind and settles for the b4 spot.} ( {After:} 16...Nc6 {White has a choice between two promising continuations:} 17.Bxc6 ( {Or} 17.Nc5 Bxc5 18.dxc5 ) 17...bxc6 18.Rfc1 {with White's advantage in both cases.} ) 17.Nf4 {Both sides have clear playgrounds. White should attack on the kingside not because of the weaknesses there, but due to his better center. Black needs to keep the opponent's pieces as busy as he can- this is what the c-file is all for.} 17...Qb6 18.h4 Rfc8 19.Rfc1 Rxc1+ 20.Rxc1 Nb4 21.g3 {Yu sets his knight free. He intends to attack the most vulnerable point in Black's camp after Nf3-h2-g4. Apparently White's kingside initiative is worth more than what Black is doing on the other wing.} ( {Also interesting was:} 21.g4 Qd8 22.Kg2 Bxh4 23.Nxh4 Qxh4 24.f3 {playing for domination. The h-file will come quite handy for White in this case.} ) 21...Na2 22.Rd1 Rc8 23.Nh2 {Following his plan.} ( {But perhaps there was an argument for some further preparation. Either:} 23.Ne1 Qc7 {Now White cannot win the bishop:} 24.h5 ( {However, after the better} 24.Kh2 {White has the time the improve further as he is controlling the c-file.} ) 24...Bf5 25.f3 {as it gets unexpected support with:} 25...Nc1 26.g4 Bb1 ) ( {Also good for White seems} 23.Qe3 Nb4 24.Ne1 {with advantage.} ) 23...Qc7 24.Bd3 ( {Here the slightly paradoxal:} 24.Nxg6 hxg6 25.Ng4 {would have also been somewhat better for White.} ) 24...h5 $1 {Forced, but good. Artemiev is about to demonstrate perfect defensive skills.} 25.g4 ( {Instead} 25.Be2 {would win the pawn, but allow Black too much counterplay in the possible endgame after:} 25...Qc2 26.Bxh5 Qxd2 27.Rxd2 Rc1+ 28.Kg2 Bb4 29.Re2 Bc2 ) 25...Nb4 ( {Black does not like the queen to visit his Majesty after:} 25...hxg4 26.Nxg4 Bxd3 27.Nxd3 Qc2 28.Qh6+ ) 26.Bxg6 hxg6 27.gxh5 Qc2 {The idea behind the sacrifice. Anytime Black make it to the endgame he will have enough compensation thanks to the open file.} 28.hxg6 ( {A hypotetical endgame line like this:} 28.Qxc2 Rxc2 29.hxg6 Bxh4 30.gxf7 Bxf2+ 31.Kh1 Kxf7 32.Nf3 Rxb2 33.Ng5+ Ke7 {definitely looks like more fun for Black.} ) 28...Qf5 $1 {Bringing the navy seals to resque.} 29.Qe3 ( {Maybe it was time for Yu to forget about the winning ambitions and go for something like:} 29.gxf7 Bxh4 30.Ng2 Bg5 31.f4 Be7 ( {Black has another good choice-} 31...Rc2 32.Qe3 Be7 33.Qg3+ Kxf7 34.Ne3 Qh5 ) 32.Ne3 Qxf4 33.Rf1 Qe4 34.Neg4 Qg6 {with unclear play.} ) 29...fxg6 30.Qg3 Rf8 {Now Black takes over the initiative, even in the middlegame.} 31.Ng2 Qc2 32.Ne3 ( {If} 32.Rf1 Nc6 ) 32...Qe4 33.Neg4 $6 {Close to the time control the Chinese GM decided to risk.} ( {The truth is however that} 33.Ng2 {most likely would not lead to repetition. Black can fight on with:} 33...Nc6 34.h5 Bd8 $1 {and Black is somewhat better.} ) 33...Nc6 $1 {Now the key d4 pawn is about to drop.} 34.Qe3 ( {Nothing changes:} 34.Qc3 Rf4 ) ( {Nor} 34.Qd3 Rf4 ) 34...Rf4 35.Nf6 {The best practical chance.} 35...Bxf6 36.exf6+ Kxf6 37.Qxe4 Rxe4 38.Nf3 Ne7 39.Kg2 Nf5 40.Rd3 ( {The pawn would be lost also after:} 40.Kh3 Re2 ) 40...Nxh4+ 41.Nxh4 Rxh4 {Time control passed, Artemiev is up a pawn and has more active pieces. Plus, impeccable technique.} 42.Kg3 g5 43.Kg2 Re4 44.Kg3 Kf5 45.Kg2 g4 46.Kf1 b6 $1 {Little moves like these are a sign of a great endgame player. Artemiev knows his opponent has nowehre to go and improves every little bit before forcing matters.} 47.Kg2 Re1 $1 {Excellent! The rook is activated and the e4 square opened for the king.} ( 47...e5 48.dxe5 Kxe5 49.b3 {makes life more difficult.} ) 48.b3 ( {Or} 48.Rb3 Ra1 49.Rxb6 Rxa4 50.Rb5 Rxd4 51.Rxa5 Rb4 {When Black should win thanks to his active pieces.} ) 48...Ke4 49.Rd2 Rb1 50.Kg3 {Now comes the elegant finish.} ( {Otherwise the central pawn drops after:} 50.Re2+ Kf5 51.Re3 Rd1 ) 50...Kf5 51.Rd3 Rh1 52.Kg2 Rh3 $1 {The pawn endgame is completely lost for White.} ( 52...Rh3 53.Rxh3 gxh3+ 54.Kxh3 Ke4 ) 0-1

[Event "Champions Showdown - The Kings"]
[Site "Saint Louis"]
[Date "2019.02.20"]
[Round "1.5"]
[White "Rapport, Richard"]
[Black "Shankland, Samuel L"]
[Result "1-0"]
[WhiteElo "2735"]
[BlackElo "2731"]
[EventDate "2019.??.??"]
[Annotator "Bojkov,Dejan"]
[PlyCount "85"]
[Beauty "7495791687715"]
[EventType "game"]

1.d4 d5 2.c4 e6 3.Nc3 c6 4.cxd5 exd5 5.Qc2 {This move order prevents the active Bc8-f5 move.} 5...Bd6 {But Black can pay with the same coin and prevent the alternative activation of the white bishop.} 6.Nf3 Ne7 7.Bg5 f6 8.Bd2 Na6 9.a3 ( {Two great players recently tested:} 9.e4 Nb4 10.Qb3 a5 11.a3 a4 12.Qd1 dxe4 13.Nxe4 Nbd5 14.Bc4 Be6 15.O-O O-O {Ivanchuk,V (2728)-Kramnik,V (2803) Tbilisi 2017} ) 9...Nc7 10.e4 dxe4 11.Nxe4 Bg4 $146 {This obvious move is a novelty.} ( {An email predecessor saw instead:} 11...Ncd5 12.g3 Bf5 13.Nh4 Be6 14.f4 g6 15.Bd3 {Borwell,A-Giulian,P Scotland 1990 Corr Nr. 1 [Borwell]} ) ( {The most obvious move} 11...O-O {will see Black's position badly weakened after} 12.Bd3 g6 13.O-O ) 12.Qb3 b6 {This looks like an inaccuracy.} ( {The pawn was not really in danger and the centralization} 12...Ned5 $5 {was a better choice for Black. Now:} 13.Qxb7 {is suspicious due to} 13...O-O 14.Bd3 ( {Or} 14.Qxc6 Re8 {when the pin is more than annoying.} ) 14...Bxf3 15.gxf3 f5 16.Nxd6 Qxd6 {and Black has more than enough compensaion for the pawn.} ) 13.Bc4 Ned5 14.O-O {The opening is over and an IQP pawn structure had arisen. Black would have been doing great if his pawn remained on f7. However now with his kingside weakened and the e6 square lacking firm control Shankland has some problems to resolve.} 14...Be7 ( {For instance, the obvious} 14...O-O {leads to trouble along the diagonals:} 15.Nxd6 Qxd6 16.Bb4 $1 c5 17.dxc5 bxc5 18.Ba5 {with deadly pin.} ) 15.h3 Be6 ( {Weaker was:} 15...Bxf3 16.Qxf3 O-O {When White can prove his light-squared control with either} 17.Nc3 ( {Or} 17.Ng3 ) ) 16.Qc2 Qd7 17.Rac1 {And since the short castle is still dangerous, Shankland decided to go for:} 17...O-O-O ( {After} 17...O-O 18.Ba2 {will build a battery on the b1-h7 diagonal soon.} ) 18.Rfe1 Kb7 19.b4 {Rapport plan is obvious- Qc2-b3, followed the pawn advances.} 19...Rhe8 20.Qb3 b5 {Shankland correctly blocks the queenside, as much as he can.} ( {There was the tactical prophylaxis:} 20...Bf5 $5 {with the idea to meet} 21.a4 {with} ( {However} 21.Bd3 {would renew the threat and} 21...a6 {is not a move Black wishes to perform.} ) 21...Bxb4 {when the Ne4 is hanging.} ) 21.Bf1 Nb6 22.Qc2 Bd5 23.Bf4 {With the threat of Bxc7 and whatever the recapture-Bf1xb5!} 23...Ne6 24.Bg3 Na4 {Black seems in control, and this probably somewhat weakened his attention.} ( 24...g5 {deserved attention, defending the position after} 25.Nc5+ Bxc5 26.dxc5 Na4 ) 25.Rcd1 {Pinning the black queen in advance.} 25...Qc8 26.Ned2 g6 27.Nb3 Bd6 28.Bxd6 Rxd6 29.Nfd2 {Shankland take sunder control the e4 square with:} ( {Noting yields:} 29.Nc5+ Nexc5 ) 29...f5 {And missed a brilliant idea.} ( {Instead a prophylactical move like:} 29...Kb8 $1 {was called for.} ) 30.Nc4 $3 {Ingenious idea! The white knights threaten to reach the perfect outposts on the queenside and this practically forces the opening of the position on the left wing of the board.} 30...Bxc4 ( {Worse was:} 30...bxc4 31.Na5+ ) ( {It is also important that Black cannot ignore white knights:} 30...Rdd8 31.Nca5+ Kb8 ( {Even worse is:} 31...Kb6 32.Rxe6 $1 Rxe6 33.Nc5 {when the white knight on a5 is a key performer in the attack after:} 33...Nxc5 34.Qxc5+ Kc7 35.Qxa7+ Kd6 36.Nb7+ {and White wins.} ) 32.Rc1 {The knight on a5 and the weak backward pawn on c6 leave Black with poor position.} ) 31.Na5+ Kb8 {Black is definitely shaken by the last blow.} ( {Otherwise he would have preferred the more accurate:} 31...Ka8 32.Nxc4 Rd5 33.Na5 Nxd4 34.Rxe8 Qxe8 35.Qc1 {although White is better here as well.} ) 32.Nxc4 bxc4 ( {With the king on b8, the line:} 32...Rd5 33.Na5 Nxd4 $2 {loses material due to:} 34.Rxe8 Qxe8 ( {Or} 34...Nxc2 35.Nxc6+ Kb7 36.Na5+ Kb8 37.Rxc8+ ) 35.Rxd4 $1 Rxd4 36.Nxc6+ {and White wins.} ) 33.Qxa4 Nxd4 34.Bxc4 {The black king is exposed. Rapport conducts the attack magnificently:} 34...f4 35.b5 c5 {Trying to keep the blockade.} ( 35...f3 {drops a pawn after} 36.Rxe8 Qxe8 37.bxc6 ) 36.b6 $3 {In vain. This second sacrifice effectively finishes the attack.} 36...Rxe1+ 37.Rxe1 axb6 ( {Or} 37...Rxb6 38.Re8 ) 38.Re8 Rd8 39.Re7 Nc6 40.Re6 Na5 ( 40...Kb7 $2 41.Ba6+ ) 41.Rxb6+ Nb7 42.Be2 $1 {The last touch and the pinned knight is a goner.} 42...Qc7 43.Qa6 1-0